Legal Systems of the World: (Record no. 586027)
[ view plain ]
| 000 -LEADER | |
|---|---|
| fixed length control field | 00401nam a22001217a 4500 |
| 020 ## - INTERNATIONAL STANDARD BOOK NUMBER | |
| International Standard Book Number | 818683026X |
| 082 ## - DEWEY DECIMAL CLASSIFICATION NUMBER | |
| Classification number | 340.03 LEG |
| 245 ## - TITLE STATEMENT | |
| Title | Legal Systems of the World: |
| Remainder of title | A Political, Social and Cultural Encyclopedia Vol II / |
| Statement of responsibility, etc. | Editor Herbert M. Kritzer |
| 260 ## - PUBLICATION, DISTRIBUTION, ETC. | |
| Place of publication, distribution, etc. | New Delhi : |
| Name of publisher, distributor, etc. | Pentagon Press, |
| Date of publication, distribution, etc. | 2005. |
| 300 ## - PHYSICAL DESCRIPTION | |
| Extent | 930 p. ; |
| Dimensions | 27 cm. |
| 942 ## - ADDED ENTRY ELEMENTS (KOHA) | |
| Source of classification or shelving scheme | |
| Koha item type | Book |
| Withdrawn status | Lost status | Source of classification or shelving scheme | Damaged status | Not for loan | Permanent Location | Current Location | Shelving location | Date acquired | Total Checkouts | Full call number | Barcode | Date last seen | Date last checked out | Price effective from | Koha item type |
|---|---|---|---|---|---|---|---|---|---|---|---|---|---|---|---|
| NUST Law School (NLS) | NUST Law School (NLS) | Law | 07/26/2021 | 1 | 340.03 LEG | CL-570 | 12/05/2023 | 11/21/2023 | 07/26/2021 | Book |
